000 00742cam a2200265 4500
008 090401t1995 xxu||||| |||| 00| 0 eng d
020 _a0922154236
035 _a(Sirsi) u37764
041 _aeng
050 _a333.3320973
100 _aFisher, Clifford E.
245 _aRates and ratios used in the income capitalisation approach.
260 _aChicago, Il.
_bAppraisal Institute
_c1995
300 _avii,55p. ; 21cm.
350 _a18.95
650 _aEXTRACTION TECHNIQUES
650 _aINCOME CAPITALIZATION APPROACH
650 _aRATES AND RATIOS
650 _aUNITED STATES
650 _aValuation
_96273
690 _aRATING AND VALUATION
710 _aAppraisal Institute
_92987
942 _n0
948 _c04/03/1997
999 _c90547
_d90547